[Event "Tournoi Skype 027B"]
[Site "Skype"]
[Date "????.??.??"]
[Round "3.7"]
[White "Vincent, Andre"]
[Black "Codina, Teresa"]
[Result "0-1"]
[WhiteElo "1328"]
[BlackElo "1189"]
[PlyCount "78"]

1. d4 Nf6 2. Bf4 e6 3. Nf3 d5 4. e3 Bd6 5. Bg3 Bxg3 6. hxg3 Nbd7 7. Nbd2 O-O 8.
Bd3 h6 9. c3 b6 10. Qc2 Re8 11. c4 Bb7 12. c5 c6 13. b4 Rc8 14. Rc1 e5 15. dxe5
Nxe5 16. Bf5 Nxf3+ 17. Nxf3 Rc7 18. Nd4 Kf8 19. Kd2 Ree7 20. Rce1 Qe8 21. Rh4
Bc8 22. f3 Bxf5 23. Nxf5 Re6 24. Nd4 Re5 25. a4 a6 26. cxb6 Rb7 27. Qc5+ Kg8
28. Nxc6 Nd7 29. Qd4 Nxb6 30. Nxe5 Qxa4 31. Ke2 Qb5+ 32. Kf2 a5 33. bxa5 Qxa5
34. Ra1 Qb5 35. Qb4 Qe8 36. Qf4 Qe6 37. Ra6 f6 38. Ng6 Rb8 39. Ra7 Nd7 0-1

[Event "Tournoi Skype 027B"]
[Site "Skype"]
[Date "????.??.??"]
[Round "3.8"]
[White "Babar, Ganesh"]
[Black "Sanchez Padilla, Armando Edilber"]
[Result "1-0"]
[WhiteElo "1000"]
[BlackElo "1321"]
[PlyCount "55"]

1. c4 Nf6 2. Nf3 Nc6 3. d4 d5 4. Nc3 Bf5 5. Bg5 e6 6. Bxf6 Qxf6 7. cxd5 Nb4 8.
e4 Bg6 9. Qa4+ c6 10. dxc6 bxc6 11. a3 a5 12. axb4 Rc8 13. Ba6 Bxb4 14. Bxc8
O-O 15. Qxc6 Qf4 16. Kf1 Bh5 17. Ne2 Qg4 18. h3 Qg6 19. g4 Qf6 20. e5 Qh6 21.
gxh5 Qxh5 22. Ba6 g5 23. Kg2 g4 24. hxg4 Qxg4+ 25. Kf1 Kh8 26. Ng3 Rg8 27. Bd3
Rg7 28. Qa8+ 1-0

[Event "Tournoi Skype 027B"]
[Site "Skype"]
[Date "????.??.??"]
[Round "3.9"]
[White "Sharma, Akash"]
[Black "De Nobrega, George"]
[Result "0-1"]
[WhiteElo "1000"]
[BlackElo "1311"]
[PlyCount "68"]

1. d4 Nf6 2. c4 d5 3. Nc3 Nc6 4. Nf3 h6 5. cxd5 Nxd5 6. e4 Nxc3 7. bxc3 e6 8.
Bd3 Be7 9. O-O O-O 10. e5 b6 11. Be3 Bb7 12. Qd2 Na5 13. Bxh6 Bxf3 14. gxf3 Kh8
15. Kh1 Rg8 16. Bxg7+ Rxg7 17. Qh6+ Kg8 18. f4 Qd5+ 19. f3 Rf8 20. Bh7+ Rxh7
21. Rg1+ Kh8 22. Qxf8+ Bxf8 23. Rg3 Rg7 24. Rh3+ Rh7 25. Rg3 Nc4 26. Rag1 Rg7
27. Rh3+ Rh7 28. Rhg3 Bg7 29. h4 Rxh4+ 30. Kg2 Rh7 31. Kf2 c5 32. Rd1 Rh2+ 33.
Kg1 Rh4 34. Kg2 Ne3+ 0-1

[Event "Tournoi Skype 027B"]
[Site "Skype"]
[Date "????.??.??"]
[Round "3.10"]
[White "Battaglia, Gabriele"]
[Black "Thavorath, Nirandas"]
[Result "0-1"]
[WhiteElo "1308"]
[BlackElo "1000"]
[PlyCount "70"]

1. Nf3 d5 2. g3 Nc6 3. Bg2 e5 4. d3 h6 5. O-O Bd6 6. Nbd2 Qe7 7. e4 d4 8. c3
Bg4 9. cxd4 Nxd4 10. Qa4+ Bd7 11. Qd1 Bc5 12. Nc4 f6 13. Nxd4 Bxd4 14. Rb1
O-O-O 15. b3 f5 16. Kh1 Nf6 17. f3 Nh5 18. f4 Qe8 19. fxe5 fxe4 20. Bxe4 Bc6
21. Qg4+ Kb8 22. Na5 Bd7 23. Qf3 Bh3 24. Bf5 Qb5 25. Bxh3 Qxa5 26. Bg2 Nxg3+
27. hxg3 c6 28. Bf4 h5 29. e6+ Kc8 30. Bh3 g5 31. e7+ g4 32. Bxg4+ hxg4+ 33.
Kg2 gxf3+ 34. Kxf3 Qh5+ 35. Kg2 Qe2+ 0-1

[Event "Tournoi Skype 027B"]
[Site "Skype"]
[Date "????.??.??"]
[Round "3.11"]
[White "Conde, Ramon"]
[Black "Gerbaux, Regis"]
[Result "0-1"]
[WhiteElo "1000"]
[BlackElo "1334"]
[PlyCount "66"]

1. e4 c5 2. Nf3 d6 3. c3 Nc6 4. d4 cxd4 5. cxd4 Nf6 6. Nc3 e6 7. Bb5 Bd7 8. O-O
Be7 9. Be3 O-O 10. d5 Ne5 11. Bxd7 Qxd7 12. dxe6 fxe6 13. Bd4 Nxf3+ 14. Qxf3 e5
15. Be3 Rad8 16. Bg5 d5 17. Nxd5 Nxd5 18. Bxe7 Rxf3 19. gxf3 Nxe7 20. Rfd1 Qe8
21. Kf1 Qb5+ 22. Kg2 Rf8 23. Rd2 Qc6 24. Rad1 Qg6+ 25. Kf1 Nc6 26. Rd7 Rxf3 27.
Rxb7 Qxe4 28. Rdd7 Qh4 29. Rxg7+ Kh8 30. Ke2 Nd4+ 31. Kd1 Rd3+ 32. Kc1 Qf4+ 33.
Kb1 Rd1# 0-1

[Event "Tournoi Skype 027B"]
[Site "Skype"]
[Date "????.??.??"]
[Round "3.12"]
[White "Malbec, Robert"]
[Black "Bendre, Pankaj"]
[Result "0-1"]
[WhiteElo "1233"]
[BlackElo "1438"]
[PlyCount "42"]

1. e4 e5 2. Nf3 Nc6 3. Bc4 Nf6 4. Ng5 d5 5. exd5 Na5 6. Bb5+ c6 7. dxc6 bxc6 8.
Ba4 h6 9. Nf3 e4 10. Qe2 Be7 11. Ne5 Qd6 12. Nc4 Nxc4 13. Qxc4 Bd7 14. O-O O-O
15. h3 Rfc8 16. Qe2 Qe5 17. Nc3 Bd6 18. g3 Bxh3 19. Re1 Bg4 20. Qe3 Bf3 21. d4
Qh5 0-1

[Event "Tournoi Skype 027B"]
[Site "Skype"]
[Date "????.??.??"]
[Round "3.13"]
[White "Amato, Ludovica"]
[Black "Sanchez, Pedro"]
[Result "1-0"]
[WhiteElo "1402"]
[BlackElo "1207"]
[PlyCount "125"]

1. e4 e5 2. Nf3 Nf6 3. Nxe5 Nxe4 4. Qe2 d5 5. d3 Bb4+ 6. c3 Bd6 7. dxe4 Bxe5 8.
exd5 Qxd5 9. f4 O-O 10. Qxe5 Qc6 11. Be3 Re8 12. Qd4 Re4 13. Qd8+ Re8 14. Qd2
Qc5 15. Kf2 Qe7 16. Bd3 Nd7 17. Re1 Qh4+ 18. Kg1 Nf6 19. Bf2 Rxe1+ 20. Bxe1 Qh5
21. Be2 Qc5+ 22. Bf2 Qf8 23. c4 Be6 24. Nc3 Rd8 25. Qc2 Qd6 26. Rd1 Qf8 27.
Rxd8 Qxd8 28. Qd3 Bd7 29. Nd5 Nxd5 30. Qxd5 c6 31. Qd6 Qe8 32. Bc5 b6 33. Bf2
c5 34. Bf3 Be6 35. Bd5 Bf5 36. Bc6 Qc8 37. Bh4 Be6 38. Qd8+ Qxd8 39. Bxd8 Bxc4
40. b3 Ba6 41. Bc7 c4 42. bxc4 Bxc4 43. a4 f5 44. Bb8 a6 45. Kf2 b5 46. axb5
axb5 47. Bd6 Kf7 48. Ke3 Ke6 49. Bb4 h6 50. Kd4 g5 51. fxg5 hxg5 52. Kc5 f4 53.
Bxb5 Bxb5 54. Kxb5 Kd5 55. Bf8 Ke4 56. Bh6 g4 57. Kc4 Ke3 58. g3 Kf3 59. gxf4
Kg2 60. f5 Kxh2 61. f6 g3 62. Bf4 Kh3 63. Bxg3 1-0

[Event "Tournoi Skype 027B"]
[Site "Skype"]
[Date "????.??.??"]
[Round "3.14"]
[White "Chavez, Isidro"]
[Black "Aroucha, Abraao"]
[Result "1-0"]
[WhiteElo "1192"]
[BlackElo "1376"]
[PlyCount "125"]

1. d4 Nf6 2. Nf3 e6 3. e4 Nxe4 4. Bd3 Nf6 5. Bb5 a6 6. Ba4 b5 7. Bb3 Nc6 8. d5
exd5 9. Bxd5 Nxd5 10. Qxd5 Be7 11. Bg5 f6 12. Bh4 Bb7 13. O-O Rb8 14. Qh5+ g6
15. Qh6 Kf7 16. Qf4 Kg7 17. Bg3 g5 18. Qxc7 Qxc7 19. Bxc7 Rbc8 20. Bb6 Nb4 21.
Nbd2 Rxc2 22. Rac1 Rhc8 23. Nb3 Nd3 24. Rcd1 Be4 25. Rfe1 Bb4 26. Rxe4 Rxf2 27.
Bxf2 Nxf2 28. Kxf2 Bf8 29. Rxd7+ Kh6 30. Re6 Bg7 31. Ree7 g4 32. Nh4 Rc2+ 33.
Nd2 Rxd2+ 34. Rxd2 Bf8 35. Rf7 Bc5+ 36. Kf1 Be3 37. Nf5+ Kg6 38. Re7 Bxd2 39.
Nd4 Bf4 40. g3 Be5 41. Nc6 Bxb2 42. Ra7 h5 43. Rxa6 h4 44. Ne7+ Kf7 45. Nf5 h3
46. Rb6 Be5 47. Rxb5 Ke6 48. Ne3 Bd4 49. Nxg4 Bc3 50. a4 Kd6 51. Nf2 Bd4 52.
Ne4+ Kc6 53. g4 Be5 54. Rb1 Kd5 55. Nd2 Bxh2 56. a5 Bd6 57. a6 Bc5 58. Nf3 Ba7
59. Rb7 Kc6 60. Rxa7 Kb6 61. Ra8 Kc7 62. Rf8 Kb6 63. Rxf6+ 1-0

[Event "Tournoi Skype 027B"]
[Site "Skype"]
[Date "????.??.??"]
[Round "3.15"]
[White "Baker, Abi"]
[Black "Ryan, Lea"]
[Result "1-0"]
[WhiteElo "1181"]
[BlackElo "1371"]
[PlyCount "41"]

1. c4 c6 2. Nc3 Nf6 3. d4 d5 4. Qb3 dxc4 5. Qxc4 e6 6. e4 Nbd7 7. Nf3 Be7 8.
Bd3 Nb6 9. Qb3 O-O 10. Qc2 h6 11. Bf4 Bd6 12. e5 Nh5 13. Bh7+ Kh8 14. Bg3 Bb4
15. O-O-O Bxc3 16. bxc3 f6 17. Bh4 Nc4 18. Bg6 Nf4 19. exf6 Nxg2 20. fxg7+ Kxg7
21. Bxd8 1-0

[Event "Tournoi Skype 027B"]
[Site "Skype"]
[Date "????.??.??"]
[Round "3.16"]
[White "Lopes, Marcia Maria"]
[Black "Hargez, Dany"]
[Result "0-1"]
[WhiteElo "1363"]
[BlackElo "1177"]
[PlyCount "100"]

1. d4 d5 2. Nf3 Bf5 3. Bf4 Nf6 4. e3 e6 5. Bd3 Be4 6. c3 Bxf3 7. Qxf3 Be7 8.
Nd2 O-O 9. O-O Bd6 10. Bg5 Be7 11. Qe2 Nbd7 12. Nf3 h6 13. Bh4 Nh7 14. Bxe7
Qxe7 15. Bc2 c5 16. Qd3 Ndf6 17. Rfe1 Ne4 18. Qe2 c4 19. Bxe4 dxe4 20. Ne5 f5
21. Ng6 Qd6 22. Nxf8 Rxf8 23. Qxc4 Qe7 24. Rad1 Nf6 25. h3 Kh7 26. Qc5 Qf7 27.
Qxa7 g5 28. c4 g4 29. Kh2 Qc7+ 30. g3 gxh3 31. Kxh3 Qf7 32. Rh1 Qh5+ 33. Kg2
Qf3+ 34. Kh3 Ng4 35. Rhf1 Nxf2+ 36. Rxf2 Qxf2 37. Qxb7+ Kg8 38. Qc7 Qf3 39. Qf4
Qxd1 40. Kg2 Qe2+ 41. Kh1 Rf6 42. Qb8+ Kg7 43. Qc7+ Kg6 44. c5 Qf3+ 45. Kh2
Qxe3 46. b4 Qf2+ 47. Kh3 Qxd4 48. c6 Qxb4 49. Qb7 Qxb7 50. cxb7 Rf8 0-1

[Event "Tournoi Skype 027B"]
[Site "Skype"]
[Date "????.??.??"]
[Round "3.17"]
[White "Vervoort, Jean-Louis"]
[Black "Felippe E Silva, Glenda"]
[Result "0-1"]
[WhiteElo "1180"]
[BlackElo "1309"]
[PlyCount "56"]

1. d4 d5 2. Bf4 Nf6 3. e3 Bf5 4. Nf3 h6 5. Bd3 Bh7 6. Bxh7 Nxh7 7. Nc3 e6 8. a3
Bd6 9. Bg3 Nf6 10. Ne5 O-O 11. Ne2 Nbd7 12. c3 Be7 13. O-O c5 14. Nf4 Ne4 15.
Qc2 cxd4 16. cxd4 Rc8 17. Qd3 Nxe5 18. dxe5 Nxg3 19. fxg3 Qb6 20. b4 a5 21. b5
Bc5 22. Rf3 Rfd8 23. a4 Qc7 24. Kh1 Qxe5 25. Re1 Bb4 26. Rd1 Qb2 27. h4 Qa3 28.
Qc2 Rxc2 0-1

[Event "Tournoi Skype 027B"]
[Site "Skype"]
[Date "????.??.??"]
[Round "3.18"]
[White "Maccaferri, Massimo"]
[Black "Clemente Alcahua, Kaparso"]
[Result "1-0"]
[WhiteElo "1152"]
[BlackElo "1308"]
[PlyCount "129"]

1. b3 e5 2. Ba3 d6 3. e4 Nf6 4. d4 Be7 5. dxe5 dxe5 6. Qxd8+ Kxd8 7. Nf3 Bxa3
8. Nxa3 Nc6 9. Bb5 Re8 10. O-O-O+ Bd7 11. Ng5 Re7 12. Bc4 Kc8 13. Nxf7 Be6 14.
Bxe6+ Rxe6 15. Ng5 Re8 16. Nc4 h6 17. Nf7 Re7 18. Nh8 Rd7 19. Ng6 Rxd1+ 20.
Rxd1 b5 21. Ncxe5 Nxe5 22. Nxe5 Nxe4 23. Nc6 Kb7 24. Nd8+ Ka6 25. f4 Rb8 26.
Rd7 Rc8 27. Ne6 Kb6 28. Rxg7 Nf6 29. Rg6 Ng8 30. f5 Ne7 31. Rxh6 Nxf5 32. Rf6
Nd6 33. g4 Rg8 34. g5 Ne4 35. g6 Nxf6 36. Nf4 Rh8 37. g7 Rxh2 38. Nd5+ Nxd5 39.
g8=Q a5 40. Qxd5 c6 41. Qd4+ Kb7 42. Qd7+ Kb6 43. Qd4+ Kb7 44. Qd6 Rh5 45. Qe7+
Kb6 46. Qe3+ Kb7 47. Qe2 Rd5 48. Qe1 b4 49. c3 bxc3 50. Qxc3 Kb6 51. Qh8 Kb7
52. Qg7+ Kb6 53. Qe7 Rc5+ 54. Kb2 Rd5 55. a3 Rc5 56. Qd6 Rd5 57. Qb8+ Kc5 58.
b4+ Kc4 59. Qb6 Rd2+ 60. Kc1 Ra2 61. Qxc6+ Kb3 62. Qe6+ Kxa3 63. bxa5 Rb2 64.
Qd6+ Rb4 65. a6 1-0

[Event "Tournoi Skype 027B"]
[Site "Skype"]
[Date "????.??.??"]
[Round "3.19"]
[White "Le Bouill, Pierre"]
[Black "Abate, Luigi"]
[Result "0-1"]
[WhiteElo "1308"]
[BlackElo "1134"]
[PlyCount "40"]

1. Nf3 d5 2. d4 Nc6 3. Bf4 f6 4. e3 Bf5 5. c3 g5 6. Bg3 e6 7. Bd3 Bg4 8. Nbd2
f5 9. Ne5 Bxd1 10. Rxd1 Nxe5 11. Bxe5 Nf6 12. Nf3 Qe7 13. Nxg5 O-O-O 14. Nf3
Rg8 15. Rg1 Bh6 16. Nd2 Ne4 17. Nxe4 dxe4 18. Bc4 Rgf8 19. d5 exd5 20. Bxd5
Qxe5 0-1

[Event "Tournoi Skype 027B"]
[Site "Skype"]
[Date "????.??.??"]
[Round "3.20"]
[White "Cengiz, Ali Ekber"]
[Black "Franca, Diego"]
[Result "0-1"]
[WhiteElo "1129"]
[BlackElo "1307"]
[PlyCount "52"]

1. e4 c6 2. d4 d5 3. e5 c5 4. Be3 Nc6 5. Nf3 Bg4 6. Be2 e6 7. h3 Bxf3 8. Bxf3
Nge7 9. c3 Nf5 10. Bd2 Be7 11. Na3 cxd4 12. cxd4 Nfxd4 13. Nc2 Nxf3+ 14. gxf3
Nxe5 15. Qe2 Nc4 16. Bc3 O-O 17. Rg1 Bf6 18. Bb4 Re8 19. Ne3 Nxe3 20. fxe3 a5
21. Bd2 Qb6 22. Rb1 Rec8 23. Bc1 a4 24. a3 Qa6 25. Qg2 Qd3 26. Ra1 Bh4+ 0-1

[Event "Tournoi Skype 027B"]
[Site "Skype"]
[Date "????.??.??"]
[Round "3.21"]
[White "Schnell, Nicolas"]
[Black "Hernandez Lopez, Joaquin"]
[Result "0-1"]
[WhiteElo "1104"]
[BlackElo "1300"]
[PlyCount "64"]

1. e4 e5 2. Nc3 Nf6 3. Nf3 Nc6 4. Bc4 Be7 5. d4 exd4 6. Nxd4 Bb4 7. Be3 Nxe4 8.
Qf3 Nf6 9. Nxc6 dxc6 10. O-O Bg4 11. Qf4 Qe7 12. Bd4 Bd6 13. Qd2 O-O 14. Bd3
Qd7 15. Bxf6 gxf6 16. Ne4 Be7 17. Qh6 Bf5 18. Qf4 Qe6 19. Qg3+ Bg6 20. Qh4 f5
21. Nf6+ Bxf6 22. Qh3 Bxb2 23. Rae1 Qd7 24. Qg3 Rae8 25. Qh3 Re5 26. Rxe5 Bxe5
27. Qe3 Bd4 28. Qg5 Re8 29. Bxf5 Qd5 30. g4 Bc3 31. Rb1 b5 32. Rb3 Re1# 0-1

[Event "Tournoi Skype 027B"]
[Site "Skype"]
[Date "????.??.??"]
[Round "3.22"]
[White "Mhabdi, Mahesh"]
[Black "Rivalta, Paolo"]
[Result "1-0"]
[WhiteElo "1296"]
[BlackElo "1095"]
[PlyCount "57"]

1. e4 Nc6 2. Nf3 e5 3. Bc4 h6 4. Nc3 Nf6 5. d3 Bb4 6. Bd2 O-O 7. O-O d6 8. h3
b6 9. a3 Bc5 10. Be3 Bxe3 11. fxe3 Bb7 12. b4 a5 13. b5 Ne7 14. Nd5 Nexd5 15.
exd5 Bxd5 16. Bxd5 Nxd5 17. Qd2 Re8 18. e4 Nf6 19. Rf2 Qd7 20. c4 c6 21. bxc6
Qxc6 22. Raf1 Re6 23. Nh2 h5 24. g4 hxg4 25. Nxg4 Qe8 26. Rxf6 Qe7 27. Rxf7 Qh4
28. Qg2 Rf8 29. Rxf8+ 1-0

[Event "Tournoi Skype 027B"]
[Site "Skype"]
[Date "????.??.??"]
[Round "3.23"]
[White "Ramirez, Luis Antonio"]
[Black "Moumtaz, Abderrahim"]
[Result "0-1"]
[WhiteElo "1082"]
[BlackElo "1292"]
[PlyCount "82"]

1. c4 e5 2. e4 Nf6 3. Nc3 c5 4. Nf3 Nc6 5. d3 a6 6. Be2 Be7 7. O-O O-O 8. h3 d6
9. Be3 Nd4 10. Nd5 Nxe2+ 11. Qxe2 Nxd5 12. cxd5 Bd7 13. Qd2 Bf6 14. Kh2 b5 15.
a3 a5 16. g4 h6 17. Rg1 Kh7 18. Rg3 Rg8 19. g5 hxg5 20. Nxg5+ Bxg5 21. Bxg5 f6
22. Bh4 Rh8 23. Rag1 Rg8 24. Rg6 Qf8 25. Qe2 Rh8 26. f3 Be8 27. R6g4 Ra7 28.
Qg2 Bh5 29. Rg3 Rg8 30. Qd2 g6 31. f4 Rag7 32. fxe5 fxe5 33. Bg5 Rf7 34. Bh6
Qxh6 35. Qxh6+ Kxh6 36. Kh1 Rf2 37. R3g2 Bf3 38. Kh2 Bxg2 39. Rxg2 Rxg2+ 40.
Kxg2 Kh5 41. Kg3 g5 0-1

[Event "Tournoi Skype 027B"]
[Site "Skype"]
[Date "????.??.??"]
[Round "3.24"]
[White "Erten, Ozlem"]
[Black "Montilla Bejarano, Carmen"]
[Result "1/2-1/2"]
[WhiteElo "1288"]
[BlackElo "1077"]
[PlyCount "60"]

1. d4 Nf6 2. Nf3 d5 3. c4 c6 4. e3 e6 5. Nc3 b6 6. Qc2 Be7 7. e4 O-O 8. e5 Ne8
9. Bd3 g6 10. Bh6 Ng7 11. h4 dxc4 12. Bxc4 b5 13. Bd3 Na6 14. a3 Nb4 15. axb4
Bxb4 16. h5 Bb7 17. hxg6 fxg6 18. Be4 Rf7 19. Ng5 Re7 20. O-O-O Qf8 21. Qb3
Qf4+ 22. Kb1 Qxf2 23. Bxg7 Bxc3 24. Qxc3 Rxg7 25. Nxe6 Re7 26. Qb3 Qf7 27. Bxg6
Qxg6+ 28. Rd3 Qxe6 29. Rg3+ Kh8 30. Qf3 Qf7 1/2-1/2

[Event "Tournoi Skype 027B"]
[Site "Skype"]
[Date "????.??.??"]
[Round "3.25"]
[White "Yanez, Leticia Jorgelina"]
[Black "Khatanhar, Mohit"]
[Result "0-1"]
[WhiteElo "1073"]
[BlackElo "1287"]
[PlyCount "56"]

1. e4 e5 2. Nf3 d6 3. Nc3 Bg4 4. Nxe5 Bxd1 5. Kxd1 dxe5 6. d4 exd4 7. Nd5 c6 8.
Nf4 Qd7 9. Be2 h6 10. e5 Qf5 11. e6 Bd6 12. Bc4 Bxf4 13. exf7+ Kf8 14. Re1 Nd7
15. b3 Bxc1 16. Rxc1 Ngf6 17. c3 dxc3 18. Rxc3 Ne5 19. Rce3 Rd8+ 20. Kc1 Nxc4
21. bxc4 Kxf7 22. Re7+ Kg6 23. R7e5 Qf4+ 24. Kb2 Rd2+ 25. Kb3 Rd3+ 26. Kb4 b6
27. R5e3 a5+ 28. Ka4 Qxc4# 0-1

[Event "Tournoi Skype 027B"]
[Site "Skype"]
[Date "????.??.??"]
[Round "3.26"]
[White "Trapletti, Cosetta"]
[Black "Luunge, Abdi"]
[Result "0-1"]
[WhiteElo "1050"]
[BlackElo "1285"]
[PlyCount "88"]

1. d4 e6 2. Bf4 c5 3. c3 Nc6 4. e3 a6 5. Nf3 d6 6. Be2 Be7 7. Nbd2 Nf6 8. O-O
O-O 9. a3 Nd5 10. Nc4 b5 11. Ncd2 cxd4 12. cxd4 Bf6 13. Ne4 e5 14. Bg3 Bf5 15.
Bd3 Qe7 16. Rc1 Rac8 17. Re1 Rfd8 18. Qb3 Be6 19. Nxf6+ Nxf6 20. Qd1 e4 21. d5
Bxd5 22. Nh4 exd3 23. Qxd3 Be4 24. Qe2 Qe6 25. f3 Bd5 26. e4 Bc4 27. Qe3 Ne5
28. Nf5 Nd3 29. Qg5 g6 30. Nh6+ Kg7 31. Nf5+ Kh8 32. Qh6 gxf5 33. Bh4 Ng8 34.
f4 Qxh6 35. Bg5 Qh5 36. exf5 Nxc1 37. Rxc1 f6 38. Bxf6+ Nxf6 39. h3 Qe2 40. Kh2
Rg8 41. Rg1 Bd5 42. h4 Rxg2+ 43. Kh1 Rg3+ 44. Rg2 Qxg2# 0-1

[Event "Tournoi Skype 027B"]
[Site "Skype"]
[Date "????.??.??"]
[Round "3.27"]
[White "Douichi, Mohammed"]
[Black "Abate, Leonardo"]
[Result "0-1"]
[WhiteElo "1277"]
[BlackElo "1000"]
[PlyCount "138"]

1. e4 e5 2. Nf3 Nc6 3. Bc4 h6 4. c3 Nf6 5. O-O d6 6. Qb3 Qd7 7. d3 b6 8. Na3
Na5 9. Bxf7+ Qxf7 10. Qc2 Bb7 11. c4 O-O-O 12. Nb5 g5 13. Nxa7+ Kb8 14. Nb5 Qh5
15. h3 g4 16. Nh2 gxh3 17. g3 Rg8 18. Nc3 d5 19. cxd5 Bc5 20. Kh1 Ng4 21. Nxg4
Qxg4 22. Qe2 Ba6 23. Qxg4 Rxg4 24. Bxh6 Bxd3 25. Rfe1 Bxf2 26. Red1 Bxe4+ 27.
Nxe4 Rxe4 28. Kh2 Rd6 29. Kxh3 Rxh6+ 30. Kg2 Re2 31. Kf3 Rxb2 32. g4 Rf6+ 33.
Ke4 Rf4+ 34. Kxe5 Rxg4 35. Kf5 Rd4 36. Rxd4 Bxd4 37. Rd1 Bc5 38. Ke6 Rxa2 39.
Kd7 Kb7 40. Rd3 Rb2 41. Rf3 b5 42. Rf5 Rd2 43. Ke6 b4 44. Rf1 c6 45. Rf7+ Kb6
46. dxc6 Kxc6 47. Ke5 b3 48. Rf1 Nc4+ 49. Ke4 Na3 50. Rf6+ Kb5 51. Rf7 b2 52.
Rb7+ Kc4 53. Rxb2 Rxb2 54. Kf5 Rb5 55. Ke6 Bf2 56. Kf6 Bh4+ 57. Kg6 Kd5 58. Kh5
Rb4 59. Kg6 Ke6 60. Kh5 Kf6 61. Kh6 Nc4 62. Kh5 Nd6 63. Kh6 Nf7+ 64. Kh5 Ne5
65. Kh6 Rg4 66. Kh5 Kf7 67. Kh6 Rg5 68. Kh7 Ng4 69. Kh8 Rh5# 0-1

[Event "Tournoi Skype 027B"]
[Site "Skype"]
[Date "????.??.??"]
[Round "3.28"]
[White "Scata, Laura"]
[Black "Gomez Zuluaga, Jorge Adiel"]
[Result "1/2-1/2"]
[WhiteElo "1273"]
[BlackElo "1000"]
[PlyCount "101"]

1. d4 d5 2. Nf3 Bg4 3. Bf4 Bxf3 4. exf3 e6 5. Bd3 g5 6. Bg3 Bd6 7. Nd2 Nc6 8.
c3 Nf6 9. Qc2 Bxg3 10. hxg3 Ke7 11. Bxh7 Nxh7 12. Rxh7 g4 13. O-O-O Qg8 14.
Rdh1 Rxh7 15. Qxh7 Qxh7 16. Rxh7 e5 17. dxe5 Nxe5 18. fxg4 Nd3+ 19. Kc2 Nxf2
20. Nf3 Nxg4 21. Ng5 Kf6 22. Nf3 Rg8 23. Rh5 Ne3+ 24. Kd3 Nxg2 25. Rxd5 Rxg3
26. Ke4 Rg4+ 27. Kd3 Nf4+ 28. Kd4 Nxd5+ 29. Kxd5 c6+ 30. Kc5 Rf4 31. Nd4 Rf2
32. Kd6 Rxb2 33. Kc7 a5 34. a4 c5 35. Nb5 Ra2 36. Kxb7 Rxa4 37. Ka6 c4 38. Nd4
Ra3 39. Kb5 a4 40. Kxc4 Ke5 41. Kb4 Ra1 42. Nb5 f5 43. c4 a3 44. Nxa3 Rxa3 45.
Kxa3 Kd6 46. Kb4 Kc6 47. Kc3 f4 48. Kd2 Kc5 49. Kd3 f3 50. Ke3 Kxc4 51. Kxf3
1/2-1/2

[Event "Tournoi Skype 027B"]
[Site "Skype"]
[Date "????.??.??"]
[Round "3.29"]
[White "Yilmazer, Seher"]
[Black "Hernandez, Ivan"]
[Result "1-0"]
[WhiteElo "1267"]
[BlackElo "1000"]
[PlyCount "53"]

1. d4 d5 2. c4 dxc4 3. e3 Nc6 4. Bxc4 e5 5. Nf3 exd4 6. Nxd4 Bd7 7. O-O Bd6 8.
Nxc6 Bxc6 9. f3 Nf6 10. Nc3 O-O 11. g3 h6 12. e4 g5 13. f4 g4 14. Be2 h5 15. e5
Bc5+ 16. Rf2 Bxf2+ 17. Kxf2 h4 18. Qg1 hxg3+ 19. Qxg3 Nh5 20. Qxg4+ Kh7 21.
Qxh5+ Kg7 22. f5 f6 23. Qh6+ Kg8 24. Be3 Re8 25. Rg1+ Kf7 26. Bh5+ Ke7 27. Qg7#
1-0

[Event "Tournoi Skype 027B"]
[Site "Skype"]
[Date "????.??.??"]
[Round "3.30"]
[White "Martinez, Danny"]
[Black "Pasasin, Alejandro"]
[Result "0-1"]
[WhiteElo "1000"]
[BlackElo "1251"]
[PlyCount "102"]

1. e4 c5 2. Nf3 d6 3. d4 cxd4 4. Nxd4 Nf6 5. Nc3 a6 6. Bc4 e6 7. O-O Be7 8. Bb3
Nc6 9. Nxc6 bxc6 10. Be3 O-O 11. Re1 Qc7 12. Qd2 Re8 13. Rad1 Ng4 14. h3 Nxe3
15. Qxe3 Bd7 16. e5 d5 17. Ne2 h6 18. a3 a5 19. Ng3 Bg5 20. Qd3 c5 21. c4 a4
22. Bc2 g6 23. cxd5 exd5 24. Qxd5 Be6 25. Qd6 Rac8 26. Qxc7 Rxc7 27. Bxa4 Rec8
28. Ne4 Be7 29. Nc3 Rb8 30. Re4 Rxb2 31. Rb1 Rcb7 32. Re2 Rxb1+ 33. Nxb1 Rxb1+
34. Kh2 c4 35. Rc2 Bxa3 36. Bc6 Bb4 37. Ra2 Kg7 38. Ra8 c3 39. Be4 Re1 40. f3
Re2 41. Rb8 Ba5 42. Rb5 Bc7 43. Rc5 Bb6 44. Rxc3 Bd4 45. Rc2 Bxe5+ 46. Kg1 Bd4+
47. Kh1 Re1+ 48. Kh2 Be5+ 49. g3 f5 50. Rc5 Bd4 51. Bd5 Bxc5 0-1

[Event "Tournoi Skype 027B"]
[Site "Skype"]
[Date "????.??.??"]
[Round "3.31"]
[White "Meza, Rafael"]
[Black "Jimenez Cabrera, Rodolfo"]
[Result "1-0"]
[WhiteElo "1000"]
[BlackElo "1225"]
[PlyCount "91"]

1. c4 e5 2. a3 Bc5 3. e3 d6 4. Nc3 Nf6 5. d3 Bg4 6. Nf3 a6 7. h3 Bh5 8. Be2 h6
9. O-O Nc6 10. Nh4 Bxe2 11. Qxe2 Qd7 12. Nd5 Nxd5 13. cxd5 Ne7 14. e4 O-O-O 15.
Rb1 g5 16. b4 Ba7 17. Nf5 f6 18. Nxe7+ Qxe7 19. Be3 Rhf8 20. Bxa7 b6 21. Rfc1
Kb7 22. Bxb6 cxb6 23. Qe3 Rc8 24. a4 Qd7 25. b5 axb5 26. Rxb5 Rxc1+ 27. Qxc1
Rc8 28. Qb2 Qc7 29. Kh2 Ka6 30. d4 Rb8 31. Qe2 exd4 32. Rc5+ Kb7 33. Rxc7+ Kxc7
34. Qc4+ Kb7 35. Qxd4 Ra8 36. Qb4 Kc7 37. Qc3+ Kb7 38. Qc6+ Kb8 39. Qxb6+ Kc8
40. a5 Rb8 41. Qc6+ Kd8 42. a6 Rc8 43. Qxd6+ Ke8 44. a7 Rd8 45. a8=Q Rxa8 46.
Qc6+ 1-0

[Event "Tournoi Skype 027B"]
[Site "Skype"]
[Date "????.??.??"]
[Round "3.32"]
[White "Bustos, Ricardo"]
[Black "Schuh, David"]
[Result "1-0"]
[WhiteElo "1216"]
[BlackElo "1000"]
[PlyCount "123"]

1. d4 Nf6 2. Nf3 d5 3. Bf4 Bf5 4. e3 e6 5. Nbd2 Bd6 6. Ne5 O-O 7. Be2 Nc6 8.
O-O Re8 9. Ndf3 Ng4 10. Nxc6 bxc6 11. Ne5 f6 12. Nxg4 Bxg4 13. Bxg4 Rb8 14.
Bxd6 cxd6 15. b3 c5 16. c3 g6 17. Qd3 c4 18. bxc4 dxc4 19. Qxc4 a5 20. Bxe6+
Kg7 21. Qd5 Rb2 22. Bg4 Qb6 23. Rac1 Rb8 24. Bf3 Rb1 25. Qc6 Rxc1 26. Qxb6 Rxb6
27. Rxc1 h5 28. Kf1 f5 29. a4 Kf6 30. c4 Ke6 31. c5 dxc5 32. Rxc5 g5 33. Rxa5
g4 34. Bd5+ Kd6 35. Rc5 Ra6 36. a5 Ra7 37. Bc4 Rc7 38. a6 Rxc5 39. dxc5+ Kc7
40. a7 Kb7 41. Be6 Kxa7 42. Bxf5 Kb7 43. Be4+ Kc7 44. Ke2 h4 45. Kd3 g3 46.
hxg3 hxg3 47. fxg3 Kd7 48. Kd4 Ke6 49. g4 Kf6 50. Kd5 Kg5 51. c6 Kxg4 52. c7
Kg3 53. c8=Q Kf2 54. Kd4 Ke2 55. Qc2+ Ke1 56. Kd3 Kf1 57. Qe2+ Kg1 58. Qg4 Kh2
59. Qh3+ Kg1 60. Qf3 Kh1 61. g4+ Kh2 62. Qg2# 1-0

[Event "Tournoi Skype 027B"]
[Site "Skype"]
[Date "????.??.??"]
[Round "3.33"]
[White "Zequeda, Javier"]
[Black "Conde, Carmen"]
[Result "1-0"]
[WhiteElo "1000"]
[BlackElo "1214"]
[PlyCount "75"]

1. e4 e5 2. Nf3 h6 3. Bc4 Nc6 4. O-O Bc5 5. c3 Nf6 6. d4 Bb6 7. d5 Na5 8. Nxe5
d6 9. Bb5+ c6 10. dxc6 O-O 11. cxb7 Bxb7 12. Nc4 Nxc4 13. Bxc4 Nxe4 14. Bf4 d5
15. Bb3 Qf6 16. g3 Rad8 17. Qg4 d4 18. cxd4 Bxd4 19. Nd2 Ba6 20. Nxe4 Qe7 21.
Bxh6 Bxb2 22. Bg5 Qe5 23. Bxd8 Bxa1 24. Bf6 Qxf6 25. Nxf6+ Bxf6 26. Rc1 Bd3 27.
Rc7 a5 28. Qd7 Bg6 29. Rc8 Rxc8 30. Qxc8+ Kh7 31. h4 Bh5 32. Qc5 g6 33. Qxa5
Kg7 34. Qc5 Bg4 35. Qc7 g5 36. Qxf7+ Kh6 37. Qxf6+ Kh5 38. Bf7# 1-0

[Event "Tournoi Skype 027B"]
[Site "Skype"]
[Date "????.??.??"]
[Round "3.34"]
[White "Torres, Vicky"]
[Black "Tolaro, Filippa"]
[Result "1-0"]
[WhiteElo "1256"]
[BlackElo "1000"]
[PlyCount "109"]

1. c4 c6 2. Nc3 d5 3. d4 dxc4 4. e4 Nf6 5. Bxc4 Bg4 6. Qc2 e6 7. Be3 Bd6 8.
Nge2 O-O 9. O-O Nbd7 10. e5 Nxe5 11. dxe5 Bxe5 12. Ng3 b5 13. Be2 b4 14. Nce4
Bxe2 15. Nxe2 Nd5 16. Bc5 Re8 17. Bd4 Bb8 18. Qxc6 Bc7 19. N2g3 Ne7 20. Qc4 f5
21. Nc5 Nc6 22. Nxe6 Qd7 23. Nxc7+ Kh8 24. Nxa8 Nxd4 25. Nc7 Re7 26. Nd5 Re6
27. Qxd4 Rg6 28. Qc5 Qd8 29. Nxf5 h5 30. Nde7 Rg4 31. h3 Rf4 32. Ng6+ Kh7 33.
Nxf4 Qg5 34. Ne6 Qf6 35. Nf8+ Kg8 36. Nd7 Qxb2 37. Qc4+ Kh7 38. Qf7 Qd2 39.
Qxh5+ Kg8 40. Rfd1 Qf4 41. Qg6 Qxf5 42. Qxf5 a5 43. Qf8+ Kh7 44. Rd5 a4 45.
Rh5+ Kg6 46. Qh8 b3 47. axb3 axb3 48. Rb1 Kf7 49. Ne5+ Kf6 50. Qf8+ Ke6 51.
Qf5+ Kd5 52. Qd3+ Kc5 53. Nc4+ Kb4 54. Rxb3+ Ka4 55. Nb2# 1-0